| 000 | | | 05213nmc2a22003371x 450 |
| 001 | | | 6097cb72-857e-47aa-83e0-754ef4611804 |
| 005 | | | 20131120214103.0 |
| 100 | ## | $a | 20130605l19151915k y0rusy50 ca |
| 101 | 0# | $a | rus |
| 102 | ## | $a | RU |
| 105 | ## | $a | a z |||e| |
| 122 | 2# | $a | d19150214 |
| | $a | d19150420 |
| 200 | 1# | $a | Переписка Постоянного совета с членом экономической комиссии Постоянного совета Н. Н. Покровским по вопросу составления доклада XI съезду уполномоченных об условиях развития нашего экспорта и письмо председателя Постоянного совета А. П. Струкова к управляющему Министерством торговли и промышленности В. Н. Шаховскому о решениях XI съезда уполномоченных (отпуск) |
| | $j | 14 февраля - 20 апреля 1915 |
| 215 | ## | $a | 35 листов |
| | $c | табл. |
| 251 | ## | $c | Дело |
| 300 | ## | $a | Часть документов рукописная, часть - напечатана типографским способом и на пишущей машинке |
| 300 | ## | $a | Заголовок на вложенной папке: О мерах к развитию нашего экспорта |
| 330 | ## | $a | I. Материалы съездов объединенных дворянских обществ /1906-1917 гг./ |
| 461 | #0 | $1 | 001b6db1e6b-efcc-4108-961b-a8f75be6354f |
| | $1 | 2001 |
| | $a | Постоянный совет объединенных дворянских обществ |
| | $1 | 251 |
| | $c | Фонд |
| | $1 | 852 |
| | $j | 434 |
| 462 | #0 | $1 | 001376737bd-14a2-4097-a3d5-a02b2aa0e2d3 |
| | $1 | 2001 |
| | $a | Постоянный совет объединенных дворянских обществ. 1906-1917 гг. |
| | $1 | 251 |
| | $c | Опись |
| | $1 | 852 |
| | $j | 1 |
| 517 | ## | $a | О мерах к развитию нашего экспорта |
| 600 | #1 | $a | Покровский |
| | $b | Н. Н. |
| 600 | #1 | $a | Струков |
| | $b | А. П. |
| 600 | #1 | $a | Шаховской |
| | $b | В. Н. |
| 601 | 02 | $3 | RU\NLR\AUTH\8810165427 |
| | $a | Постоянный совет объединенных дворянских обществ |
| | $c | Петербург |
| 601 | 02 | $3 | RU\NLR\AUTH\8810165539 |
| | $a | Постоянный совет объединенных дворянских обществ |
| | $c | Петербург |
| | $b | Экономическая комиссия |
| 601 | 01 | $3 | RU\NLR\AUTH\889947252 |
| | $a | Россия |
| | $b | Министерство торговли и промышленности |
| 601 | 12 | $3 | RU\NLR\AUTH\8810165611 |
| | $a | Съезд уполномоченных дворянских обществ |
| | $d | 11 |
| | $f | 1915 |
| | $e | Санкт-Петербург |
| 801 | #0 | $a | RU |
| | $b | GA_RF |
| 801 | #1 | $a | RU |
| | $b | НПО Опыт |
| | $c | 20130605 |
| | $2 | rusmarc |
| 801 | #2 | $a | RU |
| | $b | ПБ им. Б.Н. Ельцина |
| | $c | 20131120 |
| | $g | RCR |
| | $2 | rusmarc |
| 852 | ## | $a | ГА РФ |
| | $j | 43 |
| 937 | ## | $d | 41870576 |
| | $h | ПБ |
| 035 | ## | $a | RuPRLIB51006687 |